000 00565nam a22001697a 4500
005 20090211123516.0
008 090211t xxu||||| |||| 00| 0 eng d
022 _a0974-1607
245 _aNonwoven and technical textiles
260 _aMumbai
_bColour Publications
_c2008-
300 _av.
_c26 cm
310 _aQuarterly
270 _a126-A, Dhruwadi, A V Nagwekar Marg, Prabha Devi
_bMumbai
_e400025
365 _eRs. 500.00 annual subscription
942 _2ddc
_cSR
_s1
999 _c23479
_d23479